Power and Choice : an introduction to political science
The extensively revised eleventh edition of W. Phillips Shively’s Power & Choice: An Introduction to Political Science maintains the author’s goal since the text’s inception: to provide a general, comparative introduction to the major concepts and themes of political science by engaging students...
Đã lưu trong:
| 主要作者: | |
|---|---|
| 格式: | 图书 |
| 语言: | Undetermined |
| 出版: |
Boston
McGraw-Hill
2003
|
| 主题: | |
| 标签: |
添加标签
没有标签, 成为第一个标记此记录!
|
| Thư viện lưu trữ: | Trung tâm Học liệu Trường Đại học Cần Thơ |
|---|
| LEADER | 00921nam a2200205Ia 4500 | ||
|---|---|---|---|
| 001 | CTU_108682 | ||
| 008 | 210402s9999 xx 000 0 und d | ||
| 082 | |a 320 | ||
| 082 | |b S555 | ||
| 100 | |a Shively, W. Phillips | ||
| 245 | 0 | |a Power and Choice : | |
| 245 | 3 | |b an introduction to political science | |
| 245 | 0 | |c W. Phillips Shively | |
| 260 | |a Boston | ||
| 260 | |b McGraw-Hill | ||
| 260 | |c 2003 | ||
| 520 | |a The extensively revised eleventh edition of W. Phillips Shively’s Power & Choice: An Introduction to Political Science maintains the author’s goal since the text’s inception: to provide a general, comparative introduction to the major concepts and themes of political science by engaging students with concrete examples of analysis without overwhelming them with excessive detail. | ||
| 650 | |a Political science | ||
| 904 | |i Hiếu | ||
| 980 | |a Trung tâm Học liệu Trường Đại học Cần Thơ | ||